000 00216nam a22000857a 4500
008 170626b xxu||||| |||| 00| 0 eng d
100 _93717
_aSharma. L
245 _aAttribution in Physical education
260 _aDelhi
_c1998
999 _c7139
_d7139